Sports Quiz

Random Sports Quiz

NY Rangers Leaders Quiz Stats

 Plays Quiz not verified by Sporcle

Score 0/40 Timer 05:00
0 Plays Today
% Correct
Mark Messier
98.6%
Mark Messier
98.6%
Mark Messier
98.6%
Brian Leetch
95.2%
Brian Leetch
95.2%
Brian Leetch
95.2%
Brian Leetch
95.2%
Adam Graves
90.3%
Adam Graves
90.3%
Adam Graves
90.3%
Rod Gilbert
84.1%
Rod Gilbert
84.1%
Rod Gilbert
84.1%
Rod Gilbert
84.1%
Jean Ratelle
73.1%
Jean Ratelle
73.1%
Jean Ratelle
73.1%
Jean Ratelle
73.1%
Andy Bathgate
65.5%
Andy Bathgate
65.5%
% Correct
Andy Bathgate
65.5%
Andy Bathgate
65.5%
Harry Howell
58.6%
Ron Greschner
58.6%
Ron Greschner
58.6%
Ron Greschner
58.6%
Vic Hadfield
57.9%
Vic Hadfield
57.9%
Vic Hadfield
57.9%
Vic Hadfield
57.9%
Steve Vickers
41.4%
Steve Vickers
41.4%
Steve Vickers
41.4%
James Patrick
40.7%
Bill Cook
33.8%
Walt Tkaczuk
33.1%
Walt Tkaczuk
33.1%
Walt Tkaczuk
33.1%
Camille Henry
17.2%
Jim Neilson
11%

You're not logged in!

Compare scores with friends on all Sporcle quizzes.
OR
Log In

You Might Also Like...

Show Comments

Extras

Created Jun 9, 2011ReportNominate
Tags:New York, ranger, skater, Top 10

Top Quizzes Today


Score Distribution

Your Account Isn't Verified!

In order to create a playlist on Sporcle, you need to verify the email address you used during registration. Go to your Sporcle Settings to finish the process.

Report this User

Report this user for behavior that violates our Community Guidelines.

Details: